| 000 | 00579cas a22002055a 4500 | ||
|---|---|---|---|
| 001 | L107277 | ||
| 008 | 070628c2003 cc mr p 0 a0eng u | ||
| 035 | _a(Sirsi) u107277 | ||
| 041 | 1 | _aeng | |
| 110 | 2 |
_aHong Kong Institute of Surveyors _93136 |
|
| 245 | 0 | 0 | _aSurveyors Times |
| 260 |
_aHong Kong _bHong Kong Institute of Surveyors _c2003- |
||
| 362 | 0 | _a12(8) August 2003- | |
| 520 | _aKept for five years | ||
| 554 | _a12 per year | ||
| 651 | 4 | _aHong Kong | |
| 690 | _aMANAGEMENT-BUSINESS MANAGEMENT-PROFESSIONAL PRACTICE | ||
| 780 | 0 | 0 | _tSurveying News |
| 942 | _n0 | ||
| 999 |
_c118723 _d118723 |
||